000 00394caa a22001812a 4500
001 000379
003 AR-FADEU
008 311216n############xxu####################dd
092 _aPP(362.7)PIB
100 _aPierini, Alicia
245 _bLa ley y los chicos
245 _aPibes unidos
300 _a16-18
440 _nfeb
260 _c1990
650 _aMENORES-LEY
942 _cPPGR
999 _c3157
_d3157